[Event "Marburg op-A"]
[Site "Marburg"]
[Date "2023.10.26"]
[Round "1"]
[White "Paschke, Gerd"]
[Black "Risius, Philipp"]
[Result "0-1"]
[WhiteElo "1696"]
[BlackElo "1967"]
[PlyCount "72"]
[EventDate "2023.10.26"]
[EventType "swiss"]
[EventRounds "7"]
[EventCountry "GER"]
[SourceTitle "CB49_2023"]
[SourceDate "2023.12.06"]
[SourceVersion "1"]
[SourceVersionDate "2023.12.06"]
[SourceQuality "1"]

1. e4 e5 2. Nf3 Nf6 3. Nc3 Bb4 4. d3 d5 5. exd5 Nxd5 6. Bd2 Nxc3 7. Bxc3 Bxc3+ 8. bxc3 0-0 9. Be2 Qf6 10. 0-0 c5 11. Nd2 Nc6 12. Bf3 Rb8 13. Re1 Bd7 14. Rb1 Qg6 15. Ne4 b6 16. Qe2 Rbe8 17. Kh1 Re7 18. Ng3 f5 19. Qd2 Rd8 20. a3 Qd6 21. Bxc6 Qxc6 22. Qg5 Rde8 23. f3 h6 24. Qd2 Qd6 25. c4 e4 26. fxe4 fxe4 27. Qc3 exd3 28. Rxe7 Rxe7 29. cxd3 Re3 30. Rd1 Bg4 31. Nf1 Re2 32. h3 Bxh3 33. Ne3 Qg3 34. Rg1 Bxg2+ 35. Rxg2 Re1+ 36. Qxe1 Qxe1+ 0-1

[Event "Oberliga Ost-B 1415"]
[Site "Germany"]
[Date "2015.04.12"]
[Round "11.4"]
[White "Risius, Philipp"]
[Black "Hartung, Thomas"]
[Result "0-1"]
[WhiteElo "1891"]
[BlackElo "2108"]
[PlyCount "114"]
[EventDate "2014.09.21"]
[EventType "team-tourn"]
[EventRounds "11"]
[EventCountry "GER"]
[SourceTitle "EXT 2016"]
[Source "ChessBase"]
[SourceDate "2015.10.08"]
[SourceVersion "1"]
[SourceVersionDate "2015.10.08"]
[SourceQuality "1"]
[WhiteTeam "Giessen"]
[BlackTeam "Merseburg"]
[WhiteTeamCountry "GER"]
[BlackTeamCountry "GER"]

1. d4 d5 2. Nf3 e6 3. e3 Bd6 4. Bd3 Nf6 5. b3 b6 6. Bb2 Bb7 7. Nbd2 0-0 8. 0-0 Ne4 9. c4 f5 10. cxd5 exd5 11. Ne5 Nd7 12. f3 Nxd2 13. Qxd2 Qe7 14. Qc3 Nxe5 15. dxe5 Bc5 16. Kh1 Bxe3 17. Bxf5 d4 18. Qd3 Qxe5 19. Bxh7+ Kh8 20. Be4 Bxe4 21. Qxe3 dxe3 22. Bxe5 Rfe8 23. Bxc7 e2 24. Rfe1 Bc2 25. Rac1 Bd1 26. f4 Rac8 27. g4 Re7 28. Bd6 Rxc1 29. Bxe7 Rc2 30. Kg2 Rxa2 31. Kf2 Rb2 32. b4 a5 33. bxa5 bxa5 34. Rg1 Rb3 35. f5 Rb7 36. f6 gxf6 37. Bxf6+ Kh7 38. h4 Kg6 39. g5 Rb3 40. Rh1 Kh5 41. Rg1 a4 42. Ke1 Rf3 43. Be5 Rf5 44. Bd6 Rd5 45. Bf8 Rd8 46. Be7 Re8 47. Bb4 Bb3 48. Rg2 Bc4 49. g6 Rd8 50. Kf2 Rd1 51. Rg5+ Kxh4 52. Re5 Rf1+ 53. Kg2 a3 54. g7 a2 55. Rc5 Bf7 56. Rc8 Bd5+ 57. Kh2 Rh1# 0-1

[Event "Hessen-ch Gr-C 64th"]
[Site "Bad Vilbel"]
[Date "2010.03.31"]
[Round "1"]
[White "Risius, Philipp"]
[Black "Koculak, Eduard"]
[Result "1-0"]
[WhiteElo "1777"]
[BlackElo "1727"]
[PlyCount "149"]
[EventDate "2010.03.31"]
[EventType "swiss"]
[EventRounds "7"]
[EventCountry "GER"]
[SourceTitle "EXT 2011"]
[Source "ChessBase"]
[SourceDate "2010.11.26"]
[SourceVersion "1"]
[SourceVersionDate "2010.11.26"]
[SourceQuality "1"]

1. d4 d5 2. Bf4 e6 3. Nf3 Nf6 4. e3 c5 5. c3 Nc6 6. Nbd2 Be7 7. h3 cxd4 8. exd4 0-0 9. Bd3 a6 10. 0-0 Bd7 11. Re1 Rc8 12. Nh2 b5 13. Ndf3 Na5 14. Ne5 Nc4 15. Qe2 Nd6 16. Nhg4 Nde8 17. Qf3 Nxg4 18. Qxg4 Nf6 19. Qf3 a5 20. Rac1 b4 21. Ba6 Ra8 22. Bb7 Ra7 23. Bc6 Ra6 24. Nxd7 Nxd7 25. cxb4 Bxb4 26. Bb5 Ra7 27. Re2 Nf6 28. Bg5 Be7 29. Rec2 Ra8 30. Rc7 Rb8 31. a4 h6 32. Bf4 Bd6 33. Bxd6 Qxd6 34. R1c6 Qb4 35. Qc3 Ne4 36. Qxb4 axb4 37. f3 Ng3 38. Bd3 Ra8 39. b3 Nh5 40. Kf2 Nf4 41. Bf1 Ng6 42. Rb6 Rab8 43. Rcb7 Rxb7 44. Rxb7 e5 45. Rxb4 exd4 46. Rxd4 Ne7 47. a5 Ra8 48. Ra4 Nc6 49. b4 Nxb4 50. Rxb4 Rxa5 51. Rb5 Ra2+ 52. Ke3 d4+ 53. Kxd4 Rf2 54. Rb1 g6 55. Ke3 Ra2 56. Be2 Ra7 57. g4 Kg7 58. Kf4 g5+ 59. Kg3 Re7 60. Bd3 Rd7 61. Be4 Rc7 62. Rb7 Rc5 63. Rd7 Rc8 64. Bd5 Rf8 65. Ra7 Kg6 66. Ra6+ Kg7 67. Ra8 Rxa8 68. Bxa8 Kf6 69. h4 Ke5 70. h5 f6 71. Be4 Kd4 72. Kf2 Ke5 73. Ke3 Kd6 74. Kd4 Ke6 75. Bd5+ 1-0

[Event "Rhein Main op 12th"]
[Site "Bad Homburg"]
[Date "2009.06.11"]
[Round "3"]
[White "Risius, Philipp"]
[Black "Junker, Christian"]
[Result "0-1"]
[WhiteElo "1773"]
[BlackElo "1999"]
[PlyCount "90"]
[EventDate "2009.06.10"]
[EventType "swiss"]
[EventRounds "7"]
[EventCountry "GER"]
[SourceTitle "CBM 131 Extra"]
[Source "ChessBase"]
[SourceDate "2009.09.03"]
[SourceVersion "2"]
[SourceVersionDate "2009.09.16"]
[SourceQuality "1"]

1. d4 f5 2. Nf3 Nf6 3. g3 e6 4. Bg2 d5 5. 0-0 Be7 6. c3 c6 7. Nbd2 0-0 8. Nb3 b6 9. Re1 Ne4 10. Bf4 Bb7 11. Bxb8 Rxb8 12. Ne5 Rc8 13. Nd2 Nd6 14. e3 Bf6 15. f4 Nf7 16. Ndf3 Nxe5 17. Nxe5 c5 18. Qa4 Bxe5 19. fxe5 a5 20. Qd1 Rf7 21. Rf1 Ba6 22. Rf2 Qg5 23. Rf4 Qe7 24. Rf2 Qc7 25. Qd2 b5 26. a3 Qb6 27. Rff1 c4 28. Rfb1 Rb8 29. Bf3 Qd8 30. Rf1 Bc8 31. Kg2 Rfb7 32. Rfb1 Bd7 33. Bd1 Be8 34. Qe2 Bg6 35. Bc2 b4 36. Qd1 h6 37. b3 a4 38. cxb4 axb3 39. Bxb3 cxb3 40. Rxb3 Rc7 41. Rc1 Rbc8 42. Rbc3 Rc4 43. Rxc4 dxc4 44. Qe1 Qd5+ 45. Kg1 Be8 0-1

[Event "Wetzlar op"]
[Site "Wetzlar"]
[Date "2009.??.??"]
[Round "4"]
[White "Feicht, Arno"]
[Black "Risius, Philipp"]
[Result "1/2-1/2"]
[WhiteElo "2080"]
[BlackElo "1775"]
[PlyCount "50"]
[EventDate "2009.??.??"]
[EventType "swiss"]
[EventRounds "7"]
[EventCountry "GER"]
[SourceTitle "EXT 2011"]
[Source "ChessBase"]
[SourceDate "2010.11.26"]
[SourceVersion "1"]
[SourceVersionDate "2010.11.26"]
[SourceQuality "1"]

1. e4 d5 2. exd5 Qxd5 3. Nf3 Nf6 4. d4 Bg4 5. Be2 e6 6. 0-0 Nc6 7. h3 Bh5 8. Nc3 Qd7 9. g4 Bg6 10. Bb5 0-0-0 11. Qe2 Bd6 12. Bg5 Rde8 13. Ne5 Bxe5 14. dxe5 Nd5 15. Na4 f6 16. Nc5 Qe7 17. Bxc6 Qxc5 18. Bxe8 fxg5 19. Bxg6 hxg6 20. Qd2 Nf4 21. Rfd1 Nxh3+ 22. Kf1 Qc6 23. Qd4 Rf8 24. Rd2 Qh1+ 25. Ke2 Qf3+ 1/2-1/2

[Event "Giessen-ch"]
[Site "Giessen"]
[Date "2008.04.04"]
[Round "5"]
[White "Driftmann, Christoph"]
[Black "Risius, Philipp"]
[Result "1-0"]
[WhiteElo "2006"]
[BlackElo "1795"]
[PlyCount "33"]
[EventDate "2008.02.01"]
[EventType "swiss"]
[EventRounds "7"]
[EventCountry "GER"]
[SourceTitle "EXT 2010"]
[Source "ChessBase"]
[SourceDate "2010.11.25"]
[SourceVersion "1"]
[SourceVersionDate "2010.11.25"]
[SourceQuality "1"]

1. e4 d5 2. exd5 Qxd5 3. Nf3 Nf6 4. d4 a6 5. Be2 Nc6 6. 0-0 b5 7. Bf4 Qd7 8. c4 bxc4 9. Nc3 e6 10. Bxc4 Be7 11. d5 exd5 12. Nxd5 Nxd5 13. Qxd5 0-0 14. Rad1 Qg4 15. Qxc6 Ra7 16. Qe4 Bb7 17. Qxe7 1-0